<?xml version="1.0" encoding="UTF-8"?>
<record
    xmlns:xsi="http://www.w3.org/2001/XMLSchema-instance"
    xsi:schemaLocation="http://www.loc.gov/MARC21/slim http://www.loc.gov/standards/marcxml/schema/MARC21slim.xsd"
    xmlns="http://www.loc.gov/MARC21/slim">

  <leader>02597cam a2200529 i 4500</leader>
  <controlfield tag="001">xx004975821</controlfield>
  <controlfield tag="003">NUKAT</controlfield>
  <controlfield tag="005">20260427113923.0</controlfield>
  <controlfield tag="008">201020s2020    pl       o   |000 0 pol c</controlfield>
  <datafield tag="020" ind1=" " ind2=" ">
    <subfield code="a">9788380982130</subfield>
    <subfield code="q">(oprawa mi&#x119;kka)</subfield>
  </datafield>
  <datafield tag="035" ind1=" " ind2=" ">
    <subfield code="a">(OCoLC)1204344501</subfield>
  </datafield>
  <datafield tag="035" ind1=" " ind2=" ">
    <subfield code="a">(NUKAT)xx004975821</subfield>
  </datafield>
  <datafield tag="040" ind1=" " ind2=" ">
    <subfield code="a">KR PAU/MS</subfield>
    <subfield code="b">pol</subfield>
    <subfield code="e">rda</subfield>
    <subfield code="c">KR PAU/MSs</subfield>
    <subfield code="d">WA U/WM</subfield>
    <subfield code="d">OLSZT 008/bak</subfield>
  </datafield>
  <datafield tag="045" ind1="2" ind2=" ">
    <subfield code="b">d1939</subfield>
    <subfield code="b">d1945</subfield>
  </datafield>
  <datafield tag="046" ind1=" " ind2=" ">
    <subfield code="k">2020</subfield>
  </datafield>
  <datafield tag="100" ind1="1" ind2=" ">
    <subfield code="a">Doma&#x144;ski, Tomasz.</subfield>
    <subfield code="e">Autor</subfield>
    <subfield code="9">16443</subfield>
  </datafield>
  <datafield tag="245" ind1="1" ind2="0">
    <subfield code="a">Korekty ci&#x105;g dalszy :</subfield>
    <subfield code="b">odpowied&#x17A; redaktorom i wsp&#xF3;&#x142;autorom ksi&#x105;&#x17C;ki "Dalej jest noc. Losy &#x17B;yd&#xF3;w w wybranych powiatach okupowanej Polski", red. B. Engelking, J. Grabowski, Warszawa, 2018 na ich polemik&#x119; z moj&#x105; recenzj&#x105; "Korekta obrazu?" Refleksje &#x17A;r&#xF3;d&#x142;oznawcze wok&#xF3;&#x142; ksi&#x105;&#x17C;ki "Dalej jest noc. Losy &#x17B;yd&#xF3;w w wybranych powiatach okupowanej Polski, t.1-2, red. Barbara Engelking, Jan Grabowski, Warszawa 2018, Warszawa 2019 /</subfield>
    <subfield code="c">Tomasz Doma&#x144;ski ; Instytut Pami&#x119;ci Narodowej Komisja &#x15A;cigania Zbrodni przeciwko Narodowi Polskiemu.</subfield>
  </datafield>
  <datafield tag="260" ind1=" " ind2=" ">
    <subfield code="a">Warszawa :</subfield>
    <subfield code="b">Instytut Pami&#x119;ci Narodowej Komisja &#x15A;cigania Zbrodni przeciwko Narodowi Polskiemu,</subfield>
    <subfield code="c">2020.</subfield>
  </datafield>
  <datafield tag="300" ind1=" " ind2=" ">
    <subfield code="a">110 stron ;</subfield>
    <subfield code="c">24 cm.</subfield>
  </datafield>
  <datafield tag="336" ind1=" " ind2=" ">
    <subfield code="a">Tekst</subfield>
    <subfield code="b">txt</subfield>
    <subfield code="2">rdacontent</subfield>
  </datafield>
  <datafield tag="337" ind1=" " ind2=" ">
    <subfield code="a">Bez urz&#x105;dzenia po&#x15B;rednicz&#x105;cego</subfield>
    <subfield code="b">n</subfield>
    <subfield code="2">rdamedia</subfield>
  </datafield>
  <datafield tag="338" ind1=" " ind2=" ">
    <subfield code="a">Wolumin</subfield>
    <subfield code="b">nc</subfield>
    <subfield code="2">rdacarrier</subfield>
  </datafield>
  <datafield tag="380" ind1=" " ind2=" ">
    <subfield code="a">Ksi&#x105;&#x17C;ki</subfield>
  </datafield>
  <datafield tag="380" ind1=" " ind2=" ">
    <subfield code="a">Publikacje naukowe</subfield>
  </datafield>
  <datafield tag="388" ind1="1" ind2=" ">
    <subfield code="a">2001-</subfield>
  </datafield>
  <datafield tag="490" ind1="1" ind2=" ">
    <subfield code="a">Centralny Projekt Badawczy IPN Dzieje &#x17B;yd&#xF3;w w Polsce i Relacje Polsko-&#x17B;ydowskie w Latach 1914-1989</subfield>
  </datafield>
  <datafield tag="500" ind1=" " ind2=" ">
    <subfield code="a">Na ok&#x142;adce logo czasopisma Polish-Jewish Studies.</subfield>
  </datafield>
  <datafield tag="630" ind1="0" ind2="7">
    <subfield code="a">Dalej jest noc (Warszawa ; 2018)</subfield>
    <subfield code="2">DBN</subfield>
    <subfield code="9">37424</subfield>
  </datafield>
  <datafield tag="648" ind1=" " ind2="7">
    <subfield code="a">1901-2000</subfield>
    <subfield code="2">DBN</subfield>
    <subfield code="9">34996</subfield>
  </datafield>
  <datafield tag="648" ind1=" " ind2="7">
    <subfield code="a">1939-1945</subfield>
    <subfield code="2">DBN</subfield>
    <subfield code="9">36042</subfield>
  </datafield>
  <datafield tag="650" ind1=" " ind2="7">
    <subfield code="a">Antysemityzm</subfield>
    <subfield code="2">DBN</subfield>
    <subfield code="9">37426</subfield>
  </datafield>
  <datafield tag="650" ind1=" " ind2="7">
    <subfield code="a">Holokaust</subfield>
    <subfield code="2">DBN</subfield>
    <subfield code="9">37427</subfield>
  </datafield>
  <datafield tag="650" ind1=" " ind2="7">
    <subfield code="a">II wojna &#x15B;wiatowa (1939-1945)</subfield>
    <subfield code="2">DBN</subfield>
    <subfield code="9">35099</subfield>
  </datafield>
  <datafield tag="650" ind1=" " ind2="7">
    <subfield code="a">&#x179;r&#xF3;d&#x142;a historyczne</subfield>
    <subfield code="2">DBN</subfield>
    <subfield code="9">37428</subfield>
  </datafield>
  <datafield tag="650" ind1=" " ind2="7">
    <subfield code="a">&#x17B;ydzi</subfield>
    <subfield code="2">DBN</subfield>
    <subfield code="9">35278</subfield>
  </datafield>
  <datafield tag="650" ind1=" " ind2="7">
    <subfield code="a">&#x17B;ydzi</subfield>
    <subfield code="z">Polska</subfield>
    <subfield code="x">sytuacja spo&#x142;eczna</subfield>
    <subfield code="y">1900-1945.</subfield>
    <subfield code="2">kaba</subfield>
    <subfield code="9">37429</subfield>
  </datafield>
  <datafield tag="650" ind1=" " ind2="7">
    <subfield code="a">Holocaust</subfield>
    <subfield code="z">Polska.</subfield>
    <subfield code="2">kaba</subfield>
    <subfield code="9">37430</subfield>
  </datafield>
  <datafield tag="650" ind1=" " ind2="7">
    <subfield code="a">Wojna &#x15B;wiatowa (1939-1945)</subfield>
    <subfield code="x">&#x17B;ydzi</subfield>
    <subfield code="z">Polska.</subfield>
    <subfield code="2">kaba</subfield>
    <subfield code="9">37431</subfield>
  </datafield>
  <datafield tag="651" ind1=" " ind2="7">
    <subfield code="a">Polska</subfield>
    <subfield code="2">DBN</subfield>
    <subfield code="9">35076</subfield>
  </datafield>
  <datafield tag="655" ind1=" " ind2="7">
    <subfield code="a">Polemika</subfield>
    <subfield code="2">DBN</subfield>
    <subfield code="9">40632</subfield>
  </datafield>
  <datafield tag="658" ind1=" " ind2=" ">
    <subfield code="a">Historia</subfield>
  </datafield>
  <datafield tag="710" ind1="2" ind2=" ">
    <subfield code="a">Instytut Pami&#x119;ci Narodowej - Komisja &#x15A;cigania Zbrodni przeciwko Narodowi Polskiemu.</subfield>
    <subfield code="e">Instytucja sprawcza</subfield>
    <subfield code="e">Wydawca</subfield>
    <subfield code="4">pbl</subfield>
    <subfield code="9">11792</subfield>
  </datafield>
  <datafield tag="740" ind1="0" ind2="2">
    <subfield code="a">Dalej jest noc</subfield>
  </datafield>
  <datafield tag="830" ind1=" " ind2="0">
    <subfield code="a">Dzieje &#x17B;yd&#xF3;w w Polsce oraz Relacje Polsko-&#x17B;ydowskie w Latach 1914-1989</subfield>
    <subfield code="9">40637</subfield>
  </datafield>
  <datafield tag="920" ind1=" " ind2=" ">
    <subfield code="a">978-83-8098-213-0 (oprawa mi&#x119;kka)</subfield>
  </datafield>
  <datafield tag="942" ind1=" " ind2=" ">
    <subfield code="2">ddc</subfield>
    <subfield code="c">BK_NM</subfield>
  </datafield>
  <datafield tag="999" ind1=" " ind2=" ">
    <subfield code="c">27797</subfield>
    <subfield code="d">27797</subfield>
  </datafield>
  <datafield tag="952" ind1=" " ind2=" ">
    <subfield code="0">0</subfield>
    <subfield code="1">0</subfield>
    <subfield code="2">ddc</subfield>
    <subfield code="4">0</subfield>
    <subfield code="7">0</subfield>
    <subfield code="8">K_mag</subfield>
    <subfield code="a">BIP</subfield>
    <subfield code="b">BIP</subfield>
    <subfield code="d">2020-11-30</subfield>
    <subfield code="e">D-36/2020</subfield>
    <subfield code="f">D</subfield>
    <subfield code="g">20.00</subfield>
    <subfield code="i">59937</subfield>
    <subfield code="l">0</subfield>
    <subfield code="o">59937</subfield>
    <subfield code="p">IPWK24041</subfield>
    <subfield code="r">2026-04-27 11:15:04</subfield>
    <subfield code="w">2026-04-27</subfield>
    <subfield code="y">BK_NM</subfield>
  </datafield>
</record>
